Holiday Quiz

Random Holiday or Quote Quiz

Movie Quotes - Holiday Quiz Stats

 Plays Quiz Updated Nov 13, 2018

Support Sporcle.
Go Orange.
Score 0/18 Timer 05:00
2 Plays Today
Line Movie % Correct
I wanna live again!It's A Wonderful Life
75.9%
It's not just Kris that's on trial, it's everything he stands for. It's kindness and joy and love and all the other intangibles.Miracle on 34th Street
69.5%
You smell like beef and cheese, you don't smell like Santa.Elf
64.8%
That's the one thing I hate. All the noise, noise, noise, noise!How the Grinch Stole Christmas
64%
Scut Farkus staring at us with his yellow eyes. He had yellow eyes! So, help me, God! Yellow eyes!A Christmas Story
62.1%
The thing about trains...it doesn't matter where they're going. What matters is deciding to get on.The Polar Express
60.2%
Hermey doesn't want to make toys!Rudolph the Red-Nosed Reindeer
57.3%
Merry Christmas to all and to all a good night! When I get home, I'm getting a CAT scan!The Santa Clause
55.4%
If they'd rather die then they better do it, and decrease the surplus population!A Christmas Carol
52.6%
Line Movie % Correct
Happy birthday! Hey, I said my first words!Frosty the Snowman
45.3%
Turbo Man, we could use a man like you on the force.Jingle All the Way
42.8%
There's children throwing snowballs instead of throwing heads.The Nightmare Before Christmas
37.9%
There's no Christmas in the army.White Christmas
36.2%
I don't know what to say, except it's Christmas and we're all in misery.National Lampoon's Christmas Vacation
32.4%
Isn't there anyone who knows what Christmas is all about?A Charlie Brown Christmas
31.1%
You were my friend. You were my best friend, but now you are sleeping with my mom and it's a little bit weird for me. Four Christmases
31%
All day long I listen to people give me excuses why they can't work. My legs hurt. My back aches. I'm only four.Scrooged
28%
He loves his money / Cause he thinks it gives him power / If he became a flavor you can bet he would be sour.The Muppet Christmas Carol
10.3%

From the Vault

Figure Out the Beatles Lyrics XIII

by Zycoolaman

Music 10m
We hope The Beatles never do a reunion tour like other bands do. They'd only be half the band they used to be.
Remove Ads.
Support Sporcle.
Get the best of Sporcle when you Go Orange. This ad-free experience offers more features, more stats, and more fun while also helping to support Sporcle. Thank you for becoming a member.

Show Comments

Extras

Top Quizzes Today


Score Distribution

Your Account Isn't Verified!

In order to create a playlist on Sporcle, you need to verify the email address you used during registration. Go to your Sporcle Settings to finish the process.

Report this User

Report this user for behavior that violates our Community Guidelines.

Details: